[Event "Vasta In Memoriam "]
[Site "Mar del Plata"]
[Date "2014.06.03"]
[Round "2.4"]
[White "FRAILE, Jorge"]
[Black "ANINO, Sergio"]
[Result "1-0"]
[WhiteElo "2355"]
[BlackElo "2156"]
[EventType "tourn"]
[EventRounds "2"]
[EventCountry "ARG"]

1. Nf3 d5 2. c4 c6 3. b3 Bg4 4. Ne5 Bf5 5. cxd5 Qxd5 6. Nc4 Bxb1 7. Rxb1 Nf6
8. Ne3 Qd8 9. g3 e6 10. Bg2 Be7 11. O-O a5 12. Nc4 O-O 13. Bb2 Nbd7 14. Qc2
Nd5 15. a3 Qc7 16. d4 Rac8 17. e4 N5f6 18. Qd2 b6 19. Rbc1 Rfd8 20. Qe2 b5 21.
Ne3 Qb6 22. Rc2 Bf8 23. Rfc1 Qb7 24. g4 h6 25. h4 g5 26. hxg5 hxg5 27. e5 Nd5
28. Nxd5 cxd5 29. Qd2 a4 30. Qxg5+ Bg7 31. b4 Nb6 32. Bf1 Nc4 33. Bxc4 dxc4
34. Qe3 Kh7 35. Bc3 Rh8 36. f4 Kg8 37. Rg2 Bh6 38. Re1 Kf8 39. g5 Bg7 40. Rf1
Ke7 41. f5 exf5 42. Rxf5 Rh5 43. Qf3 Qxf3 44. Rxf3 Rch8 45. g6 fxg6 46. Rxg6
Rh1+ 47. Kf2 R8h2+ 48. Ke3 Bh6+ 49. Ke4 Rh3 50. Rgg3 Rxg3 51. Rxg3 Kf7 52. Kd5
Bc1 53. Kc6 {#r} 1-0

[Event "Vasta In Memoriam "]
[Site "Mar del Plata"]
[Date "2014.06.05"]
[Round "2.5"]
[White "IM ROSITO, Jorge"]
[Black "FRAILE, Jorge"]
[Result "1/2-1/2"]
[WhiteElo "2381"]
[BlackElo "2355"]
[EventType "tourn"]
[EventRounds "2"]
[EventCountry "ARG"]

1. e4 c5 2. Nf3 d6 3. d4 cxd4 4. Nxd4 Nf6 5. Nc3 a6 6. Be2 e5 7. Nb3 Be7 8.
O-O O-O 9. Kh1 Be6 10. f4 Qc7 11. f5 Bc4 12. g4 {#d} 1/2-1/2

[Event "Vasta In Memoriam "]
[Site "Mar del Plata"]
[Date "2014.06.05"]
[Round "2.5"]
[White "ANINO, Sergio"]
[Black "GOYENECHE, Roberto"]
[Result "1-0"]
[WhiteElo "2156"]
[BlackElo "2151"]
[EventType "tourn"]
[EventRounds "2"]
[EventCountry "ARG"]

1. d4 g6 2. c4 Bg7 3. Nc3 f5 4. Nf3 d6 5. g3 Nf6 6. Bg2 c6 7. O-O Qc7 8. d5 e5
9. dxe6 Bxe6 10. Bf4 Bxc4 11. Bxd6 Qa5 12. Qd4 Bd5 13. Qe5+ {#r} 1-0

[Event "Vasta In Memoriam "]
[Site "Mar del Plata"]
[Date "2014.06.05"]
[Round "2.5"]
[White "DI MURO, Matias"]
[Black "FIDEL, Roberto"]
[Result "1-0"]
[WhiteElo "2292"]
[BlackElo "2197"]
[EventRounds "2"]
[EventCountry "ARG"]

1. e4 c5 2. Nf3 d6 3. d4 cxd4 4. Nxd4 Nf6 5. Nc3 a6 6. f3 e5 7. Nb3 Be6 8. Be3
Be7 9. Qd2 Qc7 10. g4 Nfd7 11. O-O-O Nb6 12. Kb1 N8d7 13. h4 Nc4 14. Bxc4 Qxc4
15. Na5 Qc7 16. Nd5 Bxd5 17. Qxd5 Rc8 18. Qxb7 Qxc2+ 19. Ka1 Qc7 20. Qxa6 O-O
21. Rc1 Nc5 22. Bxc5 dxc5 23. Nc4 Rb8 24. g5 Rfd8 25. Rhd1 Rd4 26. Ne3 Qd8 27.
Nd5 Bf8 28. Qe2 Ra8 29. Rc3 Qa5 30. Ra3 Qd8 31. Rxa8 Qxa8 32. Rxd4 cxd4 33.
Qc4 Qb7 34. a3 Qd7 35. Ka2 Qh3 36. a4 Qxf3 37. Qc8 g6 38. Qb8 d3 39. Nf6+ Kg7
40. Qxe5 d2 41. Nd7+ Kg8 42. Qb8 h5 43. Qxf8+ Kh7 {#r} 1-0